Beyond the chocolate war : a novel /
Dark deeds continue at Trinity High School, climaxing in a public demonstration of one student's homemade guillotine. Sequel to "The Chocolate War."
Tallennettuna:
| Päätekijä: | |
|---|---|
| Aineistotyyppi: | Kirja |
| Julkaistu: |
New York :
Knopf : Distributed by Random House,
c1985.
|
| Painos: | 1st ed. |
| Aiheet: | |
| Tagit: |
Lisää tagi
Ei tageja, Lisää ensimmäinen tagi!
|
| Thư viện lưu trữ: | Mạng thư viện Đại học Đà Nẵng |
|---|
| LEADER | 01153nam a22003131a 4500 | ||
|---|---|---|---|
| 001 | 000040584 | ||
| 003 | 16879 | ||
| 005 | 20230425170008.0 | ||
| 008 | 160412s1985 000 | ||
| 020 | |a 0575037113 | ||
| 040 | |a lnn |c lnn |d lnn | ||
| 082 | 0 | 0 | |a 803 |b CO-R |
| 100 | 1 | |a Cormier, Robert. | |
| 245 | 1 | 0 | |a Beyond the chocolate war : |b a novel / |c Robert Cormier. |
| 250 | |a 1st ed. | ||
| 260 | |a New York : |b Knopf : |b Distributed by Random House, |c c1985. | ||
| 300 | |a 278 p. ; |c 22 cm. | ||
| 520 | |a Dark deeds continue at Trinity High School, climaxing in a public demonstration of one student's homemade guillotine. Sequel to "The Chocolate War." | ||
| 650 | 1 | |a High schools |x Fiction. | |
| 650 | 1 | |a Schools |x Fiction. | |
| OWN | |a LNN | ||
| AVA | |a UDN50 |b LNN |c English |d 803CO-R |e available |t Error 5001 Not defined in file expand_doc_bib_avail. |f 1 |g 0 |h N |i 0 |j AN | ||
| 999 | |a From the UDN01 | ||
| AVA | |a UDN50 |b LNN |c English |d 803CO-R |e available |t Error 5001 Not defined in file expand_doc_bib_avail. |f 1 |g 0 |h N |i 0 |j AN | ||
| TYP | |a Monograph | ||
| 980 | |a Mạng thư viện Đại học Đà Nẵng | ||


